[Event "Khanty-Mansiysk Governor Cup-B 9th"]
[Site "Khanty-Mansiysk"]
[Date "2013.12.03"]
[Round "6"]
[White "Kovalev, Evgeny"]
[Black "Zemerov, Eugenij"]
[Result "0-1"]
[WhiteElo "2165"]
[BlackElo "2027"]
[PlyCount "57"]
[EventDate "2013.11.28"]
[EventType "swiss"]
[EventRounds "9"]
[EventCountry "RUS"]
[SourceTitle "CBM 157 Extra"]
[Source "ChessBase"]
[SourceDate "2013.12.19"]
[SourceVersion "1"]
[SourceVersionDate "2013.12.19"]
[SourceQuality "1"]

1. e4 c5 2. b3 Nf6 3. Nc3 d6 4. Bb5+ Nc6 5. Bxc6+ bxc6 6. Bb2 e5 7. Nf3 Be7 8. h3 0-0 9. d3 Ne8 10. 0-0 g6 11. Ne2 Ng7 12. Nd2 Be6 13. f4 f6 14. fxe5 fxe5 15. Rxf8+ Qxf8 16. Qf1 Qd8 17. g4 Qd7 18. Kh1 h5 19. gxh5 Nxh5 20. Qg2 Kh7 21. Rg1 Rg8 22. Nf1 Qe8 23. Nfg3 Qf7 24. Rf1 Nf4 25. Nxf4 exf4 26. Ne2 g5 27. Rf3 d5 28. e5 d4 29. c3 0-1

[Event "Kostroma Volga Cup op"]
[Site "Kostroma"]
[Date "2010.07.??"]
[Round "8"]
[White "Kukhmazov, Arsen"]
[Black "Kovalev, Evgeny"]
[Result "1-0"]
[WhiteElo "2021"]
[BlackElo "2220"]
[PlyCount "63"]
[EventDate "2010.07.??"]
[EventType "swiss"]
[EventRounds "9"]
[EventCountry "RUS"]
[SourceTitle "EXT 2011"]
[Source "ChessBase"]
[SourceDate "2010.11.26"]
[SourceVersion "1"]
[SourceVersionDate "2010.11.26"]
[SourceQuality "1"]

1. d4 Nf6 2. c4 c5 3. d5 e6 4. Nc3 exd5 5. cxd5 d6 6. e4 g6 7. Nf3 Bg7 8. Be2 0-0 9. 0-0 a6 10. a4 Bg4 11. Nd2 Bxe2 12. Qxe2 Nbd7 13. Nc4 Nb6 14. Nxb6 Qxb6 15. a5 Qc7 16. Kh1 Rfe8 17. Qc4 Nd7 18. f4 b5 19. axb6 Qxb6 20. e5 dxe5 21. f5 Qb4 22. Qe2 Nb6 23. Qf2 Qc4 24. Be3 f6 25. Rfd1 Red8 26. d6 gxf5 27. Bxc5 Nd7 28. Ba3 f4 29. Nd5 Qe4 30. Rac1 Rac8 31. Rxc8 Rxc8 32. Ne7+ 1-0

[Event "Kostroma Volga Cup op"]
[Site "Kostroma"]
[Date "2010.07.??"]
[Round "6"]
[White "Ponikarovsky, Alexey"]
[Black "Kovalev, Evgeny"]
[Result "1-0"]
[WhiteElo "2297"]
[BlackElo "2220"]
[PlyCount "39"]
[EventDate "2010.07.??"]
[EventType "swiss"]
[EventRounds "9"]
[EventCountry "RUS"]
[SourceTitle "EXT 2011"]
[Source "ChessBase"]
[SourceDate "2010.11.26"]
[SourceVersion "1"]
[SourceVersionDate "2010.11.26"]
[SourceQuality "1"]

1. e4 e5 2. d4 exd4 3. Qxd4 Nc6 4. Qe3 g6 5. Nc3 Bg7 6. f4 d6 7. Nf3 Nf6 8. Bc4 0-0 9. 0-0 Na5 10. Bd3 Re8 11. h3 a6 12. Qf2 b5 13. e5 dxe5 14. fxe5 Nd5 15. Bg5 Qd7 16. Ne4 Nc4 17. Nc5 Qc6 18. Nd4 Qxc5 19. Qxf7+ Kh8 20. Qxe8+ 1-0

[Event "Novosibirsk Sukharev Memorial op"]
[Site "Novosibirsk"]
[Date "2008.07.27"]
[Round "?"]
[White "Kovalev, Evgeny"]
[Black "Shevchenko, Vitaly"]
[Result "1-0"]
[WhiteElo "2212"]
[BlackElo "2122"]
[PlyCount "29"]
[EventDate "2008.07.20"]
[EventType "swiss"]
[EventRounds "9"]
[EventCountry "RUS"]
[SourceTitle "EXT 2022"]
[Source "ChessBase"]
[SourceDate "2021.10.06"]
[SourceVersion "1"]
[SourceVersionDate "2021.10.06"]
[SourceQuality "1"]

1. d4 Nf6 2. Bg5 d6 3. Bxf6 exf6 4. e3 Be7 5. c4 0-0 6. Nc3 Nc6 7. Nge2 Bg4 8. Qa4 Qd7 9. h3 Bxe2 10. Bxe2 Rfe8 11. Bf3 Bf8 12. 0-0 a6 13. a3 f5 14. Nd5 g6 15. Nf6+ 1-0

[Event "Novosibirsk Sukharev Memorial op"]
[Site "Novosibirsk"]
[Date "2008.07.23"]
[Round "?"]
[White "Kovalev, Evgeny"]
[Black "Perfilov, Oleg"]
[Result "1-0"]
[WhiteElo "2212"]
[BlackElo "1990"]
[PlyCount "83"]
[EventDate "2008.07.20"]
[EventType "swiss"]
[EventRounds "9"]
[EventCountry "RUS"]
[SourceTitle "EXT 2022"]
[Source "ChessBase"]
[SourceDate "2021.10.06"]
[SourceVersion "1"]
[SourceVersionDate "2021.10.06"]
[SourceQuality "1"]

1. d4 Nf6 2. Nf3 d5 3. c4 c6 4. Qc2 dxc4 5. Qxc4 Qd5 6. Nbd2 Qxc4 7. Nxc4 Bg4 8. Nfe5 Nbd7 9. Nxg4 Nxg4 10. f3 Ngf6 11. e4 e6 12. Bf4 Bb4+ 13. Kf2 0-0 14. a3 Be7 15. b4 Nh5 16. Bd6 Bxd6 17. Nxd6 Rab8 18. g3 Nb6 19. a4 Rfd8 20. e5 Nc8 21. Nxc8 Rbxc8 22. Ke3 g6 23. Bd3 Ng7 24. g4 Ne8 25. Be4 Nc7 26. h4 Nd5+ 27. Bxd5 Rxd5 28. Rac1 b6 29. f4 c5 30. dxc5 bxc5 31. Rc3 Rcd8 32. bxc5 Kf8 33. c6 Ke7 34. Rb1 a5 35. Rb7+ Ke8 36. Rb5 Ke7 37. Rxd5 exd5 38. Kd4 Ke6 39. f5+ gxf5 40. gxf5+ Ke7 41. c7 Rc8 42. Kxd5 1-0

[Event "Novosibirsk Sukharev Memorial op"]
[Site "Novosibirsk"]
[Date "2008.07.22"]
[Round "?"]
[White "Perfiliev, Evgeny"]
[Black "Kovalev, Evgeny"]
[Result "0-1"]
[WhiteElo "1988"]
[BlackElo "2212"]
[PlyCount "70"]
[EventDate "2008.07.20"]
[EventType "swiss"]
[EventRounds "9"]
[EventCountry "RUS"]
[SourceTitle "EXT 2022"]
[Source "ChessBase"]
[SourceDate "2021.10.06"]
[SourceVersion "1"]
[SourceVersionDate "2021.10.06"]
[SourceQuality "1"]

1. e4 c5 2. Nf3 d6 3. d4 cxd4 4. Nxd4 Nf6 5. Nc3 a6 6. Bg5 e6 7. f4 Qb6 8. Nb3 Nbd7 9. Qf3 Be7 10. 0-0-0 Qc7 11. Bd3 b5 12. Rhe1 b4 13. Nb1 e5 14. N1d2 a5 15. Nc4 a4 16. Nbd2 Nc5 17. Bxf6 Bxf6 18. fxe5 dxe5 19. Kb1 Be6 20. Ne3 0-0 21. Nd5 Bxd5 22. exd5 b3 23. Ne4 bxa2+ 24. Kxa2 Nxe4 25. Qxe4 g6 26. Qc4 Qa7 27. Re4 Rfc8 28. Qb4 Rcb8 29. Qc3 Rb6 30. Rb1 Rab8 31. Qa3 Qb7 32. Rxa4 e4 33. Bxe4 Bxb2 34. d6 Bxa3 35. Bxb7 Rxb1 0-1

[Event "Novosibirsk Sukharev Memorial op"]
[Site "Novosibirsk"]
[Date "2008.07.20"]
[Round "?"]
[White "Popov, Vyacheslav"]
[Black "Kovalev, Evgeny"]
[Result "0-1"]
[WhiteElo "1907"]
[BlackElo "2212"]
[PlyCount "78"]
[EventDate "2008.07.20"]
[EventType "swiss"]
[EventRounds "9"]
[EventCountry "RUS"]
[SourceTitle "EXT 2022"]
[Source "ChessBase"]
[SourceDate "2021.10.06"]
[SourceVersion "1"]
[SourceVersionDate "2021.10.06"]
[SourceQuality "1"]

1. e4 c5 2. Nf3 d6 3. d4 cxd4 4. Nxd4 Nf6 5. Nc3 a6 6. a4 e5 7. Nb3 Be6 8. Be2 d5 9. exd5 Nxd5 10. Bf3 Nxc3 11. Qxd8+ Kxd8 12. bxc3 Kc7 13. Be3 Nd7 14. Na5 Bc5 15. Bxb7 Bxe3 16. fxe3 Rab8 17. Bf3 Rb2 18. Kd2 Nc5 19. Kc1 Rb6 20. Rd1 f5 21. Bd5 Rd8 22. Bb3 g5 23. Rxd8 Kxd8 24. Bxe6 Rxe6 25. Nc4 f4 26. a5 Kc7 27. Kd2 Kc6 28. Rb1 Kd5 29. Nb6+ Ke4 30. Rb4+ Kf5 31. Rc4 Rd6+ 32. Ke2 Ne4 33. exf4 gxf4 34. Rc7 Rd2+ 35. Kf1 Rf2+ 36. Ke1 Rxg2 37. Rxh7 f3 38. Rf7+ Kg4 39. Rg7+ Kh5 0-1

[Event "Koltsovo Naukograd op"]
[Site "Koltsovo"]
[Date "2008.07.05"]
[Round "8"]
[White "Ragozin, Andrei"]
[Black "Kovalev, Evgeny"]
[Result "0-1"]
[WhiteElo "2046"]
[BlackElo "2212"]
[PlyCount "83"]
[EventDate "2008.06.28"]
[EventType "swiss"]
[EventRounds "9"]
[EventCountry "RUS"]
[SourceTitle "EXT 2022"]
[Source "ChessBase"]
[SourceDate "2021.10.06"]
[SourceVersion "1"]
[SourceVersionDate "2021.10.06"]
[SourceQuality "1"]

1. d4 d5 2. c4 c6 3. Nc3 Nf6 4. Nf3 e6 5. cxd5 exd5 6. Bf4 Bd6 7. Bxd6 Qxd6 8. e3 Bg4 9. Be2 Nbd7 10. Qc2 0-0 11. Rb1 a5 12. a3 Ra7 13. 0-0 Bh5 14. Rfe1 Re8 15. Nd2 Bg6 16. Bd3 b5 17. Bxg6 hxg6 18. Ne2 a4 19. Rec1 Ra6 20. Nc3 Qe6 21. Na2 Rb6 22. Nb4 Rc8 23. Qd3 Rb7 24. Rc2 Nb6 25. Rbc1 Nc4 26. Qe2 Re7 27. Nd3 Rce8 28. Nc5 Qf5 29. Qf3 Nd7 30. Nxc4 Qxf3 31. gxf3 dxc4 32. Ne4 Nb6 33. Nc5 Nd5 34. Kg2 g5 35. h3 f6 36. Ne4 Rd8 37. Ra1 Kf7 38. Ng3 Rxe3 39. Nf5 Rd3 40. h4 Kg6 41. Ng3 Nf4+ 42. Kg1 0-1

[Event "Koltsovo Naukograd op"]
[Site "Koltsovo"]
[Date "2008.07.04"]
[Round "7"]
[White "Kovalev, Evgeny"]
[Black "Yakimov, S Yu"]
[Result "0-1"]
[WhiteElo "2212"]
[BlackElo "2215"]
[PlyCount "106"]
[EventDate "2008.06.28"]
[EventType "swiss"]
[EventRounds "9"]
[EventCountry "RUS"]
[SourceTitle "EXT 2022"]
[Source "ChessBase"]
[SourceDate "2021.10.06"]
[SourceVersion "1"]
[SourceVersionDate "2021.10.06"]
[SourceQuality "1"]

1. d4 d5 2. Nf3 c5 3. e3 Nc6 4. Be2 e6 5. 0-0 Nf6 6. a3 Bd6 7. dxc5 Bxc5 8. b4 Bd6 9. Bb2 0-0 10. Nbd2 Qe7 11. c4 Rd8 12. Qc2 Bd7 13. Rac1 Rac8 14. Qb1 Bb8 15. Qa1 dxc4 16. Nxc4 b5 17. Ncd2 a6 18. Nb3 Be8 19. Nc5 a5 20. Bc3 Na7 21. h3 Bc6 22. Na6 Bd6 23. Bd4 a4 24. Nc5 Ne8 25. e4 Bxc5 26. Bxc5 Qb7 27. e5 Rc7 28. Rc3 Nc8 29. Qc1 Nb6 30. Qg5 Rcd7 31. Rfc1 Nc4 32. h4 Be4 33. h5 h6 34. Qf4 Bd3 35. Bxd3 Rxd3 36. Nd4 Rxc3 37. Rxc3 Qd5 38. Rg3 Qxe5 39. Qxe5 Nxe5 40. Nxb5 Rd1+ 41. Kh2 Nf6 42. Rh3 Ne4 43. Rh4 f5 44. f3 Nxc5 45. bxc5 Rc1 46. Rxa4 Rxc5 47. Ra8+ Kf7 48. a4 f4 49. Nd6+ Ke7 50. Ne4 Rd5 51. a5 Nc6 52. g4 Rxa5 53. Rxa5 Nxa5 0-1

[Event "Koltsovo Naukograd op"]
[Site "Koltsovo"]
[Date "2008.07.03"]
[Round "6"]
[White "Beletsky, Alexey"]
[Black "Kovalev, Evgeny"]
[Result "1-0"]
[WhiteElo "2357"]
[BlackElo "2212"]
[PlyCount "87"]
[EventDate "2008.06.28"]
[EventType "swiss"]
[EventRounds "9"]
[EventCountry "RUS"]
[SourceTitle "EXT 2022"]
[Source "ChessBase"]
[SourceDate "2021.10.06"]
[SourceVersion "1"]
[SourceVersionDate "2021.10.06"]
[SourceQuality "1"]

1. d4 d5 2. Nf3 Nf6 3. c4 c6 4. Qc2 g6 5. Bf4 Bg7 6. e3 Bf5 7. Qb3 Qb6 8. h3 h6 9. c5 Qxb3 10. axb3 g5 11. Bg3 Nbd7 12. b4 a6 13. Nbd2 0-0 14. Nb3 Ne4 15. Bh2 f6 16. Ng1 g4 17. hxg4 Bh7 18. Bd3 e5 19. f3 Ng5 20. Bf5 Rf7 21. Ne2 Nf8 22. Bg1 Re8 23. Kd2 Nfe6 24. Ng3 Nc7 25. Bxh7+ Kxh7 26. Nf5 Nb5 27. Nc1 Bf8 28. Ne2 Kg6 29. Bf2 Rh7 30. Rh5 Ne6 31. f4 Ng7 32. Nxg7 Bxg7 33. dxe5 fxe5 34. f5+ Kf7 35. g5 Rhh8 36. g6+ Ke7 37. Bh4+ Bf6 38. Rh1 Bxh4 39. R1xh4 Kf6 40. g4 Kg7 41. g5 d4 42. Rxh6 Rxh6 43. Rxh6 d3 44. f6+ 1-0

[Event "Kostroma Volga Cup op"]
[Site "Kostroma"]
[Date "2008.07.??"]
[Round "1"]
[White "Shulakova, Svetlana"]
[Black "Kovalev, Evgeny"]
[Result "1-0"]
[WhiteElo "2158"]
[BlackElo "2212"]
[PlyCount "91"]
[EventDate "2008.07.??"]
[EventType "swiss"]
[EventRounds "9"]
[EventCountry "RUS"]
[SourceTitle "EXT 2009"]
[Source "ChessBase"]
[SourceDate "2008.11.26"]
[SourceVersion "1"]
[SourceVersionDate "2008.11.26"]
[SourceQuality "1"]

1. d4 Nf6 2. c4 g6 3. Nc3 Bg7 4. e4 d6 5. Be2 0-0 6. Bg5 h6 7. Be3 e5 8. d5 Nfd7 9. g4 Nf6 10. g5 Nh7 11. gxh6 Bh8 12. Nf3 Bg4 13. Rg1 Bxf3 14. Bxf3 Bf6 15. Qd2 Kh8 16. 0-0-0 a6 17. Kb1 Qe8 18. c5 Qd8 19. Na4 Qe8 20. Qb4 a5 21. Qxb7 Na6 22. Qc6 Qxc6 23. dxc6 dxc5 24. Nxc5 Nxc5 25. Bxc5 Rfd8 26. Rd7 Rxd7 27. cxd7 Ng5 28. Bg2 Kh7 29. Be3 Ne6 30. Bh3 Rd8 31. Bxe6 fxe6 32. Rd1 Ra8 33. Rc1 g5 34. Rxc7 Rd8 35. Ra7 Kxh6 36. Kc2 Kh5 37. h3 g4 38. hxg4+ Kxg4 39. Kd3 Kf3 40. b3 Bh4 41. Bb6 Rb8 42. Bxa5 Kxf2 43. Ra6 Bd8 44. Bxd8 Rxd8 45. Rd6 Kf3 46. b4 1-0

[Event "Koltsovo Naukograd op"]
[Site "Koltsovo"]
[Date "2008.06.28"]
[Round "1"]
[White "Severinov, Alexander"]
[Black "Kovalev, Evgeny"]
[Result "0-1"]
[WhiteElo "1838"]
[BlackElo "2212"]
[PlyCount "74"]
[EventDate "2008.06.28"]
[EventType "swiss"]
[EventRounds "9"]
[EventCountry "RUS"]
[SourceTitle "EXT 2022"]
[Source "ChessBase"]
[SourceDate "2021.10.06"]
[SourceVersion "1"]
[SourceVersionDate "2021.10.06"]
[SourceQuality "1"]

1. d4 d5 2. c4 c6 3. Nf3 Nf6 4. g3 h6 5. Bg2 Bf5 6. Nc3 e6 7. 0-0 Nbd7 8. c5 b6 9. b4 Be7 10. Bd2 0-0 11. a3 Ne4 12. Qa4 b5 13. Qb3 Bf6 14. e3 g5 15. Rfd1 h5 16. Ne1 Nxc3 17. Bxc3 h4 18. f3 hxg3 19. hxg3 g4 20. fxg4 Bxg4 21. Bf3 Bf5 22. Ng2 Bg5 23. a4 Nf6 24. axb5 cxb5 25. Nf4 Kg7 26. Kg2 Rh8 27. Rh1 Rh6 28. Bd2 Qe7 29. Rxh6 Bxh6 30. Nh5+ Nxh5 31. Bxh5 Qg5 32. Bf3 Kh7 33. Kf2 Rg8 34. Rg1 Qf6 35. Ke1 Rg5 36. e4 dxe4 37. Bxg5 Qxg5 0-1

[Event "Voronezh op-B 11th"]
[Site "Voronezh"]
[Date "2007.06.12"]
[Round "1"]
[White "Kovalev, Evgeny"]
[Black "Korovin, Viktor"]
[Result "0-1"]
[WhiteElo "2213"]
[BlackElo "2094"]
[PlyCount "26"]
[EventDate "2007.06.12"]
[EventType "swiss"]
[EventRounds "9"]
[EventCountry "RUS"]
[SourceTitle "EXT 2010"]
[Source "ChessBase"]
[SourceDate "2010.11.25"]
[SourceVersion "1"]
[SourceVersionDate "2010.11.25"]
[SourceQuality "1"]

1. e4 c5 2. Nf3 Nc6 3. d4 cxd4 4. Nxd4 Nf6 5. Nc3 e6 6. f4 Bb4 7. e5 Ne4 8. Qd3 Nxd4 9. Qxe4 Bxc3+ 10. bxc3 Nf5 11. Ba3 Qc7 12. c4 Qa5+ 13. Kf2 Qxa3 0-1

[Event "Koltsovo op-A"]
[Site "Koltsovo"]
[Date "2006.06.20"]
[Round "9"]
[White "Kovalev, Evgeny"]
[Black "Vekshenkov, Nikolai"]
[Result "1/2-1/2"]
[WhiteElo "2252"]
[BlackElo "2457"]
[PlyCount "82"]
[EventDate "2006.06.12"]
[EventType "swiss"]
[EventRounds "9"]
[EventCountry "RUS"]
[SourceTitle "EXT 2008"]
[Source "ChessBase"]
[SourceDate "2007.11.25"]
[SourceVersion "1"]
[SourceVersionDate "2007.11.25"]
[SourceQuality "1"]

1. d4 Nf6 2. Bg5 e6 3. e4 h6 4. Bxf6 Qxf6 5. Nc3 d6 6. Nf3 Nd7 7. Be2 g5 8. 0-0 Bg7 9. Nb5 Qd8 10. c3 0-0 11. Qd2 a6 12. Na3 d5 13. exd5 exd5 14. Bd3 f5 15. Rae1 g4 16. Ne5 Nxe5 17. dxe5 Be6 18. f4 c5 19. c4 b5 20. cxb5 Qb6 21. Qf2 axb5 22. Nxb5 Rxa2 23. Ra1 Rfa8 24. Rxa2 Rxa2 25. Bb1 Ra4 26. Nd6 Qxd6 27. exd6 Bd4 28. Qxd4 Rxd4 29. Re1 Kf7 30. Kf2 Rb4 31. Re2 Rb6 32. Kg3 Rxd6 33. Kh4 d4 34. Kh5 d3 35. Rd2 Bc4 36. h3 gxh3 37. gxh3 Kf6 38. Kh4 Re6 39. Kg3 Re1 40. b3 Bb5 41. Rb2 d2 1/2-1/2

[Event "Koltsovo op-A"]
[Site "Koltsovo"]
[Date "2006.06.18"]
[Round "6"]
[White "Kovalev, Evgeny"]
[Black "Tsepennikova, Tatyana"]
[Result "1/2-1/2"]
[WhiteElo "2252"]
[BlackElo "2079"]
[PlyCount "145"]
[EventDate "2006.06.12"]
[EventType "swiss"]
[EventRounds "9"]
[EventCountry "RUS"]
[SourceTitle "EXT 2008"]
[Source "ChessBase"]
[SourceDate "2007.11.25"]
[SourceVersion "1"]
[SourceVersionDate "2007.11.25"]
[SourceQuality "1"]

1. d4 Nf6 2. Bg5 g6 3. Bxf6 exf6 4. e3 d5 5. c4 c6 6. Nc3 dxc4 7. Bxc4 Bd6 8. a4 a5 9. Nge2 Na6 10. 0-0 0-0 11. Nc1 Nb4 12. Nd3 Qc7 13. h3 Nxd3 14. Qxd3 f5 15. Rad1 Rd8 16. Rfe1 Qe7 17. g3 Qg5 18. h4 Qe7 19. Re2 Bb4 20. Red2 Be6 21. Rc2 Bxc4 22. Qxc4 Rac8 23. Ne2 Bd6 24. Rdc1 Rc7 25. Qc3 Bb4 26. Qd3 Rcd7 27. Qc4 Bd6 28. Rc3 Bc7 29. Rd1 Qe4 30. Rb3 Bb8 31. Nc1 f4 32. gxf4 Qf3 33. Qe2 Qh3 34. Nd3 Qxh4 35. Kg2 Qe7 36. Qf3 Bd6 37. Rh1 Qe6 38. Rc3 Qa2 39. b3 Bb4 40. Nxb4 axb4 41. Rd3 c5 42. d5 c4 43. bxc4 Qxc4 44. Rhd1 b3 45. Rd4 Qc2 46. R1d2 Qc1 47. Rd1 b2 48. Qe4 Rc7 49. d6 Rcd7 50. Qb1 Qc6+ 51. Kg3 Rxd6 52. Qxb2 Rxd4 53. Rxd4 Rxd4 54. Qxd4 h5 55. e4 Qc8 56. f3 Qc1 57. e5 Qe1+ 58. Kg2 h4 59. Qf2 h3+ 60. Kg3 Qb4 61. Qa2 h2 62. Qxh2 Qxa4 63. Qd2 Qe8 64. Qb4 b5 65. Qc5 Qd7 66. f5 gxf5 67. Kf4 Kg7 68. Kg5 Qb7 69. Qd4 Qe7+ 70. Kxf5 Qe6+ 71. Ke4 Qc6+ 72. Ke3 Qc1+ 73. Ke4 1/2-1/2

[Event "Koltsovo op-A"]
[Site "Koltsovo"]
[Date "2006.06.16"]
[Round "5"]
[White "Chigvintsev, Andrei"]
[Black "Kovalev, Evgeny"]
[Result "1-0"]
[WhiteElo "2386"]
[BlackElo "2252"]
[PlyCount "87"]
[EventDate "2006.06.12"]
[EventType "swiss"]
[EventRounds "9"]
[EventCountry "RUS"]
[SourceTitle "EXT 2008"]
[Source "ChessBase"]
[SourceDate "2007.11.25"]
[SourceVersion "1"]
[SourceVersionDate "2007.11.25"]
[SourceQuality "1"]

1. d4 Nf6 2. Nf3 b5 3. e3 a6 4. a4 b4 5. Bd3 Bb7 6. 0-0 e6 7. c4 d5 8. Nbd2 Nbd7 9. Qe2 Ne4 10. Nb3 c5 11. a5 Be7 12. Rd1 Qc7 13. Bd2 0-0 14. cxd5 exd5 15. dxc5 Ndxc5 16. Rdc1 Qd7 17. Nxc5 Nxc5 18. Nd4 g6 19. Bc2 Ne6 20. Ba4 Nxd4 21. exd4 Qd6 22. Qg4 Bc8 23. Qf3 g5 24. Rc6 Qd8 25. Bc2 g4 26. Qd3 f5 27. Re1 Bd7 28. Rxa6 Rb8 29. Ra7 Bd6 30. Bb3 Bc6 31. Qe3 Re8 32. Qh6 Rxe1+ 33. Bxe1 Rb7 34. Qe6+ Kh8 35. Rxb7 Bxb7 36. Qxf5 Qe7 37. Bd2 Qe2 38. Bc2 Qe7 39. Qxg4 Ba6 40. Be3 Qc7 41. Bg5 Be7 42. Qf5 Bd6 43. Qf6+ Kg8 44. Qe6+ 1-0

[Event "RUS-Cup01"]
[Site "Tomsk"]
[Date "2003.07.11"]
[Round "8"]
[White "Kovalev, Evgeny"]
[Black "Klimov, Anton"]
[Result "1-0"]
[WhiteElo "2291"]
[BlackElo "2150"]
[PlyCount "61"]
[EventDate "2003.07.04"]
[EventType "swiss"]
[EventRounds "9"]
[EventCountry "RUS"]
[SourceTitle "CBM 095 Extra"]
[Source "ChessBase"]
[SourceDate "2003.09.04"]
[SourceVersion "1"]
[SourceVersionDate "2003.09.04"]
[SourceQuality "1"]

1. d4 Nf6 2. Nf3 g6 3. g3 Bg7 4. Bg2 0-0 5. 0-0 c6 6. c4 d6 7. Nc3 Na6 8. e4 Bg4 9. h3 Bxf3 10. Bxf3 e5 11. Be3 Qe7 12. Bg2 h5 13. Qd2 Rfd8 14. Rab1 Nc7 15. Rfe1 h4 16. g4 Ne6 17. d5 Nd4 18. Bg5 Rac8 19. Bxh4 Nxe4 20. Qxd4 exd4 21. Bxe7 dxc3 22. Rxe4 cxd5 23. Re2 Re8 24. bxc3 b6 25. Bxd5 Bf6 26. Bxf6 Rxe2 27. Rd1 Rce8 28. Kg2 Rc2 29. Rd3 a5 30. Rf3 a4 31. Bg5 1-0

[Event "RUS-Cup01"]
[Site "Tomsk"]
[Date "2003.07.10"]
[Round "7"]
[White "Sudarikov, Konstantin"]
[Black "Kovalev, Evgeny"]
[Result "1-0"]
[WhiteElo "2202"]
[BlackElo "2291"]
[PlyCount "81"]
[EventDate "2003.07.04"]
[EventType "swiss"]
[EventRounds "9"]
[EventCountry "RUS"]
[SourceTitle "CBM 095 Extra"]
[Source "ChessBase"]
[SourceDate "2003.09.04"]
[SourceVersion "1"]
[SourceVersionDate "2003.09.04"]
[SourceQuality "1"]

1. e4 c6 2. c4 d5 3. exd5 cxd5 4. cxd5 Nf6 5. Qa4+ Nbd7 6. Nc3 g6 7. Bc4 Bg7 8. Qb3 0-0 9. Nf3 Ne8 10. 0-0 Nd6 11. d3 b6 12. Ne4 Nf6 13. Re1 a6 14. a4 Nf5 15. Be3 Nd7 16. Ng3 Nd6 17. Bg5 Nc5 18. Qc2 Re8 19. Be3 Nd7 20. Bd4 Nf6 21. Ne4 Bb7 22. Qb3 b5 23. axb5 axb5 24. Rxa8 Qxa8 25. Bxb5 Bxd5 26. Qa4 Nxb5 27. Qxb5 Rb8 28. Qc5 Nxe4 29. dxe4 Bxe4 30. Bxg7 Bxf3 31. Be5 Bxg2 32. Bxb8 Bh3 33. Qg5 Qxb8 34. Qg3 Qb4 35. Rd1 Bf5 36. Rd8+ Kg7 37. Qc3+ Qxc3 38. bxc3 e5 39. c4 Kf6 40. c5 Ke7 41. Rd1 1-0

[Event "RUS-Cup01"]
[Site "Tomsk"]
[Date "2003.07.08"]
[Round "5"]
[White "Dashibalov, Erdem"]
[Black "Kovalev, Evgeny"]
[Result "1-0"]
[WhiteElo "2191"]
[BlackElo "2291"]
[PlyCount "107"]
[EventDate "2003.07.04"]
[EventType "swiss"]
[EventRounds "9"]
[EventCountry "RUS"]
[SourceTitle "CBM 095 Extra"]
[Source "ChessBase"]
[SourceDate "2003.09.04"]
[SourceVersion "1"]
[SourceVersionDate "2003.09.04"]
[SourceQuality "1"]

1. e4 c6 2. d4 d5 3. Nc3 dxe4 4. Nxe4 Nd7 5. Bd3 Ngf6 6. Ng5 e6 7. N1f3 Bd6 8. Qe2 h6 9. Ne4 Nxe4 10. Qxe4 Nf6 11. Qe2 b6 12. Bd2 Qc7 13. 0-0-0 Bf4 14. Ne5 Bxd2+ 15. Qxd2 Bb7 16. Rhe1 0-0-0 17. Qf4 Rhf8 18. Qg3 Ne8 19. Be4 f6 20. Ng6 Qxg3 21. hxg3 Rf7 22. Bf3 Nc7 23. Nf4 Rd6 24. c3 Kb8 25. Re3 a5 26. Rde1 Bc8 27. Bd1 g5 28. Nd3 Ba6 29. Bc2 Rfd7 30. Rh1 Bxd3 31. Rxd3 c5 32. Rxh6 f5 33. Bb3 b5 34. Rd1 cxd4 35. Rxd4 Rxd4 36. cxd4 Rd6 37. a3 a4 38. Ba2 Ka7 39. d5 Nxd5 40. Bxd5 Rxd5 41. Rxe6 g4 42. Kc2 Kb7 43. f3 Kc7 44. Rg6 gxf3 45. gxf3 Rc5+ 46. Kb1 Re5 47. Rg5 Kc6 48. Ka2 Kd6 49. g4 Ke6 50. Rxf5 Rxf5 51. gxf5+ Kxf5 52. Kb1 Kf4 53. Kc2 Kxf3 54. Kc3 1-0

[Event "RUS-Cup01"]
[Site "Tomsk"]
[Date "2003.07.06"]
[Round "3"]
[White "Kabanov, Nikolai"]
[Black "Kovalev, Evgeny"]
[Result "1-0"]
[WhiteElo "2489"]
[BlackElo "2291"]
[PlyCount "73"]
[EventDate "2003.07.04"]
[EventType "swiss"]
[EventRounds "9"]
[EventCountry "RUS"]
[SourceTitle "CBM 095 Extra"]
[Source "ChessBase"]
[SourceDate "2003.09.04"]
[SourceVersion "1"]
[SourceVersionDate "2003.09.04"]
[SourceQuality "1"]

1. c4 Nf6 2. Nc3 d5 3. cxd5 Nxd5 4. g3 g6 5. Bg2 Nb6 6. d4 Bg7 7. Nf3 0-0 8. 0-0 Na6 9. b3 c5 10. Be3 Nb4 11. Rc1 c4 12. a3 Nc6 13. b4 Be6 14. Ng5 Bd5 15. Nxd5 Nxd5 16. Rxc4 Nxe3 17. fxe3 Bh6 18. Bxc6 bxc6 19. Nf3 Bxe3+ 20. Kg2 Qd6 21. Qd3 Bh6 22. Ne5 Rac8 23. Qf3 Bg7 24. Rxc6 Rxc6 25. Nxc6 e6 26. e3 a6 27. Rc1 f5 28. Rc5 g5 29. Na5 g4 30. Qb7 f4 31. gxf4 Bxd4 32. Nc4 Qd8 33. exd4 Qxd4 34. Rg5+ Kh8 35. Rxg4 Rd8 36. Ne5 Qd2+ 37. Kh3 1-0

[Event "Novosibirsk Region-ch"]
[Site "Novosibirsk"]
[Date "2003.??.??"]
[Round "4"]
[White "Botvinkov, Anton"]
[Black "Kovalev, Evgeny"]
[Result "1/2-1/2"]
[WhiteElo "2274"]
[BlackElo "2245"]
[PlyCount "100"]
[EventDate "2003.??.??"]
[EventType "swiss"]
[EventRounds "9"]
[EventCountry "RUS"]
[SourceTitle "EXT 2008"]
[Source "ChessBase"]
[SourceDate "2007.11.25"]
[SourceVersion "1"]
[SourceVersionDate "2007.11.25"]
[SourceQuality "1"]

1. e4 e6 2. d4 d5 3. Nd2 Nc6 4. Ngf3 Nf6 5. e5 Nd7 6. c3 f6 7. exf6 Qxf6 8. Bb5 Bd6 9. 0-0 0-0 10. Nb3 e5 11. Bxc6 bxc6 12. dxe5 Nxe5 13. Nxe5 Qxe5 14. f4 Qf6 15. Be3 Qg6 16. Qd2 Bd7 17. Na5 Rab8 18. b4 a6 19. Rae1 Rf7 20. Rf2 Qh6 21. g3 Qg6 22. Bd4 Rf5 23. Qd3 h5 24. Kh1 Re8 25. Rxe8+ Qxe8 26. Nxc6 h4 27. Ne5 Bxe5 28. Bxe5 Rf7 29. gxh4 c6 30. h3 Bf5 31. Qg3 Qe6 32. Kh2 Be4 33. Qg4 Bf5 34. Qg3 Be4 35. Bd4 Kh7 36. Rf1 Qf5 37. Qg4 Bb1 38. Rg1 Be4 39. Be5 g6 40. Qg5 Bf3 41. Qxf5 Rxf5 42. Kg3 Be4 43. Rd1 Kg8 44. Rd2 Kf7 45. a4 Ke6 46. Rb2 Rf7 47. Rd2 Kf5 48. Bd4 Rb7 49. Rf2 Bd3 50. Rd2 Be4 1/2-1/2